000 00720nam a2200241 a 4500
001 BRL_1098
005 20190320211032.0
008 111113s1955----mx-a######---#000-0#spa-#
041 _aspa
044 _amx
050 4 _aF1219
_b.P5 1955
100 1 _aPiña Chan, Román
_9819
245 1 0 _aLas culturas preclásicas de la Cuenca de México
_cRomán Piña Chan.
260 _aMéxico
_bFondo de Cultura Económica
_c1955
300 _a115 p.
_bil.
_c24 cm.
500 _aAu1264
500 _aIncluye índice de mapas, figuras y láminas
504 _aBibliografía: p. 108-109
650 1 4 _aIndígenas de México
_xAntigüedades
_9509
651 4 _aMéxico
_xAntigüedades
_92765
902 _aGRL
942 _2lcc
_cB
999 _c9910
_d9910